Startlement : (Record no. 412477)
[ view plain ]
| 000 -LEADER | |
|---|---|
| fixed length control field | 01998pam a2200409 i 4500 |
| 001 - CONTROL NUMBER | |
| control field | 2025005689 |
| 003 - CONTROL NUMBER IDENTIFIER | |
| control field | DLC |
| 005 - DATE AND TIME OF LATEST TRANSACTION | |
| control field | 20251024123151.0 |
| 008 - FIXED-LENGTH DATA ELEMENTS--GENERAL INFORMATION | |
| fixed length control field | 250224s2025 mnu 000 p eng |
| 010 ## - LIBRARY OF CONGRESS CONTROL NUMBER | |
| LC control number | 2025005689 |
| 020 ## - INTERNATIONAL STANDARD BOOK NUMBER | |
| International Standard Book Number | 9781639550517 |
| Qualifying information | (hardcover) |
| 020 ## - INTERNATIONAL STANDARD BOOK NUMBER | |
| Cancelled/invalid ISBN | 9781639550524 |
| Qualifying information | (ebook) |
| 035 ## - SYSTEM CONTROL NUMBER | |
| System control number | (OCoLC)1496515353 |
| 040 ## - CATALOGING SOURCE | |
| Original cataloging agency | DLC |
| Language of cataloging | eng |
| Description conventions | rda |
| Transcribing agency | DLC |
| Modifying agency | TnLvILS |
| 042 ## - AUTHENTICATION CODE | |
| Authentication code | pcc |
| 050 00 - LIBRARY OF CONGRESS CALL NUMBER | |
| Classification number | PS3612.I496 |
| Item number | S73 2025 |
| 082 00 - DEWEY DECIMAL CLASSIFICATION NUMBER | |
| Classification number | 811/.6 |
| Edition number | 23/eng/20250224 |
| 092 ## - LOCALLY ASSIGNED DEWEY CALL NUMBER (OCLC) | |
| Classification number | general nonfiction |
| Item number | 811.6 Limón, Ada |
| 100 1# - MAIN ENTRY--PERSONAL NAME | |
| Personal name | Limón, Ada, |
| Relator term | author. |
| 9 (RLIN) | 6496546 |
| 240 10 - UNIFORM TITLE | |
| Uniform title | <a href="Startlement (Compilation)">Startlement (Compilation)</a> |
| 245 10 - TITLE STATEMENT | |
| Title | Startlement : |
| Remainder of title | new and selected poems / |
| Statement of responsibility, etc | Ada Limón. |
| 250 ## - EDITION STATEMENT | |
| Edition statement | First edition. |
| 264 #1 - Production, Publication, Distribution, Manufacture, and Copyright Notice. | |
| Place of production, publication, distribution, manufacture | Minneapolis, Minnesota : |
| Name of producer, publisher, distributor, manufacturer | Milkweed Editions, |
| Date of production, publication, distribution, manufacture, or copyr | 2025. |
| 300 ## - PHYSICAL DESCRIPTION | |
| Extent | 203 pages ; |
| Dimensions | 22 cm |
| 336 ## - Content Type | |
| Content type term | text |
| 337 ## - Media type | |
| Media type term | unmediated |
| 338 ## - Carrier type | |
| Carrier type term | volume |
| 520 ## - SUMMARY, ETC. | |
| Summary, etc | "An essential collection spanning nearly twenty years of emphatic, fearlessly original poetry from one of America’s most celebrated living writers.<br/><br/>Drawing from six previously published books—including widely acclaimed collections The Hurting Kind, The Carrying, and Bright Dead Things—as well as vibrant new work, Startlement exalts the mysterious. With a tender curiosity, Ada Limón wades into potent unknowns—the strangeness of our brief human lives, the ever-changing nature of the universe—and emerges each time with new revelations about our place in the world." |
| 650 #0 - SUBJECT ADDED ENTRY--TOPICAL TERM | |
| Topical term or geographic name as entry element | Curiosities and wonders |
| Form subdivision | Poetry. |
| 9 (RLIN) | 6553579 |
| 650 #0 - SUBJECT ADDED ENTRY--TOPICAL TERM | |
| Topical term or geographic name as entry element | Human-animal relationships |
| Form subdivision | Poetry. |
| 9 (RLIN) | 6518082 |
| 650 #0 - SUBJECT ADDED ENTRY--TOPICAL TERM | |
| Topical term or geographic name as entry element | Grief |
| Form subdivision | Poetry. |
| 9 (RLIN) | 6545309 |
| 650 #0 - SUBJECT ADDED ENTRY--TOPICAL TERM | |
| Topical term or geographic name as entry element | Families |
| Form subdivision | Poetry. |
| 9 (RLIN) | 6553580 |
| 650 #0 - SUBJECT ADDED ENTRY--TOPICAL TERM | |
| Topical term or geographic name as entry element | Aging |
| Form subdivision | Poetry. |
| 9 (RLIN) | 6503860 |
| 655 #7 - INDEX TERM--GENRE/FORM | |
| Genre/form data or focus term | Poetry. |
| Source of term | lcgft |
| 9 (RLIN) | 5675412 |
| 776 08 - ADDITIONAL PHYSICAL FORM ENTRY | |
| Display text | Online version: |
| Main entry heading | Lim�on, Ada. |
| Title | Startlement. |
| Edition | First edition |
| Place, publisher, and date of publication | Minneapolis, Minnesota : Milkweed Editions, 2025 |
| International Standard Book Number | 9781639550524 |
| Record control number | (DLC) 2025005690 |
| 942 ## - ADDED ENTRY ELEMENTS (KOHA) | |
| Source of classification or shelving scheme | Dewey Decimal Classification |
| Koha item type | BOOK |
| Withdrawn status | Lost status | Source of classification or shelving scheme | Damaged status | Not for loan | Collection code | Home library | Current library | Shelving location | Date acquired | Source of acquisition | Total Checkouts | Full call number | Barcode | Date last seen | Cost, replacement price | Price effective from | Koha item type |
|---|---|---|---|---|---|---|---|---|---|---|---|---|---|---|---|---|---|
| Dewey Decimal Classification | General NonFiction | Wasatch County Library | Wasatch County Library | Second Floor | 10/27/2025 | Ingram | 811.6 Limón | 34301002103572 | 10/27/2025 | 28.00 | 10/27/2025 | BOOK |
